| 000 | 00350nam a2200145Ia 4500 | ||
|---|---|---|---|
| 005 | 20260328104251.0 | ||
| 008 | 260328s9999||||xx |||||||||||||| ||und|| | ||
| 100 | _aLe Corbusier | ||
| 245 | 0 |
_aLe Corbusier principios del Urbanismo / _cLe Corbusier |
|
| 250 | _a2a ed. | ||
| 260 | _bAriel | ||
| 300 | _a143 p. | ||
| 650 | _aURBANISMO | ||
| 942 | _cBK | ||
| 999 |
_c10247 _d10247 |
||